Taladro y rectificado (Record no. 108293)

MARC details
000 -LEADER
campo de control de longitud fija 00668nam a2200181 4500
001 - NÚMERO DE CONTROL
campo de control 108293
003 - IDENTIFICADOR DE NÚMERO DE CONTROL
campo de control ES-MaACL
007 - CAMPO FIJO DE DESCRIPCIÓN FÍSICA--INFORMACIÓN GENERAL
campo de control de longitud fija t|
008 - DATOS DE LONGITUD FIJA--INFORMACIÓN GENERAL
campo de control de longitud fija 061121s1955 sp r ||||1| spa d
100 1# - ENTRADA PRINCIPAL--NOMBRE DE PERSONA
Nombre de persona Molloy, E.
9 (RLIN) 82058
245 10 - MENCIÓN DEL TÍTULO
Título Taladro y rectificado
Resto del título : precedido de una sección acerca del micrómetro preparado por un cuerpo de expertos /
Mención de responsabilidad, etc. bajo la dirección de E. Molloy; traducción del inglés por Carlos Riedel; revisión por A. Muñoz.
250 ## - MENCION DE EDICION
Mención de edición 1ª. ed.
260 ## - PUBLICACIÓN, DISTRIBUCIÓN, ETC.
Lugar de publicación, distribución, etc. Barcelona :
Nombre del editor, distribuidor, etc. Dalmau y Jover,
Fecha de publicación, distribución, etc. 1955.
300 ## - DESCRIPCIÓN FÍSICA
Extensión 115 p. :
Otras características físicas il. ;
Dimensiones 23 cm.
700 1# - ENTRADA AGREGADA--NOMBRE PERSONAL
Nombre de persona Riedel, Carlos.
9 (RLIN) 97075
700 1# - ENTRADA AGREGADA--NOMBRE PERSONAL
Nombre de persona Muñoz, A.
9 (RLIN) 84286
852 ## - LOCALIZACIÓN
Ubicación ES-MaACL
Número de control de estantería C-9518
Sublocalización o colección R.37730
Holdings
Estatus retirado Estado de pérdida Estado de daño No para préstamo Biblioteca de origen Biblioteca actual Ubicación en estantería Fecha de adquisición Fuente de adquisición Total de préstamos Signatura topográfica completa Código de barras Visto por última vez Precio de reemplazo Tipo de ítem Koha
        Biblioteca del Ateneo de Madrid Biblioteca del Ateneo de Madrid Sala Palomar 17/01/2008     C-9518 1113000 23/02/2023 23/02/2023 Libro impreso